ALL LMH and LMDh Manufacturers - Statistics

General Stats
  • This quiz has been taken 525 times
    71 since last reset
  • The average score is 12 of 16
Answer Stats
Debut - Final Season Catagory Manufacturer % Correct
2023 LMDh Cadillac
94%
2023 LMH Ferrari
94%
2023 LMDh Porsche
93%
2021 LMH Toyota
93%
2025 LMH Aston Martin
89%
2023 LMDh BMW
87%
2024 LMDh Lamborghini
85%
2027* LMDh Ford
81%
2027* LMDh Mclaren
81%
2021 LMH Alpine
80%
2022 LMH Peugeot
80%
2026* LMDh Genesis
70%
2021 - 2023 LMH Glickenhaus
57%
2023 LMDh Acura
54%
2023 - 2023 LMH Vanwall / ByKolles
50%
2023 - 2024 LMH Isotta Fraschini
41%
No matching quizzes found
Score Distribution
Percent of People with Each Score
Percentile by Number Answered
Your Score History
You have not taken this quiz since the last reset